[Event "Rome Accademia Inverno op"]
[Site "Rome"]
[Date "2011.02.11"]
[Round "2"]
[White "Pitrelli, Antonio"]
[Black "Iandolo, Marco"]
[Result "1/2-1/2"]
[WhiteElo "1937"]
[BlackElo "1925"]
[PlyCount "60"]
[EventDate "2011.02.11"]
[EventType "swiss"]
[EventRounds "5"]
[EventCountry "ITA"]
[SourceTitle "EXT 2023"]
[Source "ChessBase"]
[SourceDate "2022.10.05"]
[SourceVersion "1"]
[SourceVersionDate "2022.10.05"]
[SourceQuality "1"]

1. d4 Nf6 2. c4 c5 3. d5 b5 4. cxb5 a6 5. b6 d6 6. Nc3 Nbd7 7. e4 g6 8. Nf3 Bg7 9. Be2 0-0 10. 0-0 Nxb6 11. Nd2 a5 12. a4 Ne8 13. Re1 Nc7 14. Nc4 Nxc4 15. Bxc4 Ba6 16. Bxa6 Rxa6 17. f4 Qd7 18. Qf3 Rb6 19. h4 e6 20. Ra3 Qe7 21. g3 exd5 22. e5 d4 23. Nd5 Nxd5 24. Qxd5 dxe5 25. fxe5 Re6 26. Bf4 Rd8 27. Qf3 Kh8 28. Rf1 Bxe5 29. Bd2 f5 30. Bxa5 Rdd6 1/2-1/2

[Event "Rome Accademia Winter"]
[Site "Rome"]
[Date "2010.02.14"]
[Round "4"]
[White "Squicciarini, Simone"]
[Black "Iandolo, Marco"]
[Result "0-1"]
[WhiteElo "1614"]
[BlackElo "1931"]
[PlyCount "106"]
[EventDate "2010.02.12"]
[EventType "swiss"]
[EventRounds "5"]
[EventCountry "ITA"]
[SourceTitle "EXT 2024"]
[Source "ChessBase"]
[SourceDate "2023.10.10"]
[SourceVersion "1"]
[SourceVersionDate "2023.10.10"]
[SourceQuality "1"]

1. d4 Nf6 2. Nf3 c5 3. c3 b6 4. g3 Bb7 5. Bg2 g6 6. 0-0 Bg7 7. Nbd2 0-0 8. dxc5 bxc5 9. Qc2 d6 10. e4 Nc6 11. Re1 Qc7 12. Nf1 a5 13. Bf4 Nh5 14. Qc1 Nxf4 15. Qxf4 a4 16. a3 Rab8 17. Ne3 Ne5 18. Nxe5 Bxe5 19. Qg5 Bf6 20. Qh6 Bg7 21. Qg5 Bf6 22. Qh6 Bc6 23. Rab1 Bg7 24. Qg5 Bf6 25. Qh6 Bg7 26. Qg5 Rb5 27. f4 Rfb8 28. Re2 Bxc3 29. Nd5 Bxd5 30. exd5 Bf6 31. Qg4 Qc8 32. f5 Qxf5 33. Qxf5 gxf5 34. Bh3 Rxb2 35. Rexb2 Rxb2 36. Rxb2 Bxb2 37. Bxf5 Bxa3 38. Kf2 Bb2 39. Bb1 Kg7 40. Kf3 h6 41. Ke4 Kf6 42. Ba2 a3 43. Bc4 Kg5 44. h3 Be5 45. Kf3 h5 46. Bb3 Bd4 47. Ke4 Bf2 48. Kf3 Be1 49. Ba2 Kf5 50. g4+ hxg4+ 51. hxg4+ Ke5 52. Ke3 Bh4 53. Kf3 Bg5 0-1

[Event "Napoli Parthenope op 1st"]
[Site "Napoli"]
[Date "2005.05.14"]
[Round "3"]
[White "Altieri, Danilo Mario"]
[Black "Iandolo, Marco"]
[Result "1/2-1/2"]
[WhiteElo "2023"]
[BlackElo "1802"]
[PlyCount "32"]
[EventDate "2005.05.13"]
[EventType "swiss"]
[EventRounds "6"]
[EventCountry "ITA"]
[SourceTitle "EXT 2007"]
[Source "ChessBase"]
[SourceDate "2006.11.23"]
[SourceVersion "1"]
[SourceVersionDate "2006.11.23"]
[SourceQuality "1"]

1. d4 Nf6 2. Nf3 c5 3. c3 b6 4. Bf4 Bb7 5. Nbd2 g6 6. e3 Bg7 7. Qb3 d6 8. Bb5+ Nbd7 9. Bc4 d5 10. Be2 0-0 11. Ne5 Nxe5 12. Bxe5 cxd4 13. exd4 Nd7 14. Bxg7 Kxg7 15. Bf3 Nf6 16. Qc2 Qd7 1/2-1/2